Ładuje się......

Soudarya lahari

Opis bibliograficzny
1. autor: Ramanmenon. K.
Format: Printed Book
Język:Malayalam
Wydane: Sreeramavilasam Sreeramavilasam 1128
LEADER 00427nam a2200133Ia 4500
008 111205s9999 xx 000 0 mal d
082 |a 851 M KER 
100 |a Ramanmenon. K. 
245 |a Soudarya lahari  |c Ramanmenon. K. 
260 |b Sreeramavilasam  |a Sreeramavilasam  |c 1128 
300 |a 0 
942 |c BK 
999 |c 222403  |d 222403 
952 |0 0  |1 0  |2 ddc  |4 2  |7 0  |9 245579  |a MAL  |b MAL  |c ST1  |d 2006-10-10  |g 0.00  |l 0  |p MAL6216  |r 2011-12-05  |v 0.00  |w 2011-12-05  |y BK